| 000 | 00778nam a2200229 a 4500 | ||
|---|---|---|---|
| 001 | BRCA_2285 | ||
| 005 | 20190320203738.0 | ||
| 008 | 831230s1986 fr-a---##b---#001-0#fre-# | ||
| 020 | _a2080120611 | ||
| 040 |
_aDLC _cDLC _dDLC |
||
| 050 | 4 |
_aNK1860 _b.T46 1986 |
|
| 100 | 1 |
_aThornton, Peter _d1925- _96845 |
|
| 245 | 1 | 0 |
_aL´Époque et son Style _bla décoration intérieure 1620-1920 _cpar Peter Thornton. |
| 260 |
_aParís _bFlammarion _c1986 |
||
| 300 |
_a408 p. _bil. (algunas a color) _c26 cm. |
||
| 500 | _aIncluye índice alfabético | ||
| 500 | _aTraducción de : Authentic Decor : The Domestic Interior | ||
| 504 | _aBibliografía : p. 390-397 | ||
| 650 | 1 | 4 |
_aDecoración de interiores _xHistoria _91815 |
| 650 | 1 | 4 |
_aUsos y costumbres _xHistoria _96846 |
| 942 |
_2lcc _cB |
||
| 999 |
_c2031 _d2031 |
||